书目信息 |
| 题名: |
高密度开发城市的交通系统与土地利用
|
|
| 作者: | 阎小培, , 周素红 , 毛蒋兴 著 | |
| 分册: | ||
| 出版信息: | 北京 科学出版社 2006.01 |
|
| 页数: | 260页 | |
| 开本: | 26cm | |
| 丛书名: | ||
| 单 册: | ||
| 中图分类: | U491.1 | |
| 科图分类: | ||
| 主题词: | 道路工程--dao lu gong cheng--建设--关系--土地利用--研究--中国 | |
| 电子资源: | ||
| ISBN: | 7-03-015800-8 | |
| 000 | 01174nam0 2200277 450 | |
| 001 | 012006832353 | |
| 005 | 20060914103703.29 | |
| 010 | @a7-03-015800-8@dCNY45.00 | |
| 100 | @a20060716d2006 km y0chiy0120 ea | |
| 101 | 0 | @achi |
| 102 | @aCN@b110000 | |
| 105 | @aa a 000yy | |
| 200 | 1 | @a高密度开发城市的交通系统与土地利用@Agao mi du kai fa cheng shi de jiao tong xi tong yu tu di li yong@e以广州为例@f阎小培, 周素红, 毛蒋兴等著@Fyan xiao pei,zhou su hong,mao jiang xing deng zhu |
| 210 | @a北京@c科学出版社@d2006.01 | |
| 215 | @a260页@c图@d26cm | |
| 306 | @a中国科学院科学出版基金资助出版 | |
| 320 | @a有书目 (第244-260页) | |
| 330 | @a本书以广州为案例,在传统分析基础上,引入定量分析技术和GIS、RS空间分析技术,从城市地理角度对我国高速发展和体制转轨背景下高密度开发城市的交通系统与土地利用互动影响机制及理论开展研究。 | |
| 517 | 1 | @a以广州为例@Ayi guang zhou wei li |
| 606 | 0 | @a道路工程@Adao lu gong cheng@x建设@x关系@x土地利用@x研究@y中国 |
| 690 | @aU491.1@v4 | |
| 701 | 0 | @a阎小培,@Ayan xiao pei,@f1956-@4著 |
| 701 | 0 | @a周素红@Azhou su hong@4著 |
| 701 | 0 | @a毛蒋兴@Amao jiang xing@4著 |
| 801 | 0 | @aCN@bQSSK@c20060914 |
| 905 | @apdsgxy@dU491.1@eY098 | |
| 高密度开发城市的交通系统与土地利用:以广州为例/阎小培, 周素红, 毛蒋兴等著.-北京:科学出版社,2006.01 |
| 260页:图;26cm |
| ISBN 7-03-015800-8:CNY45.00 |
| 本书以广州为案例,在传统分析基础上,引入定量分析技术和GIS、RS空间分析技术,从城市地理角度对我国高速发展和体制转轨背景下高密度开发城市的交通系统与土地利用互动影响机制及理论开展研究。 |
| ● |
| 相关链接 |
|
|
|
正题名:高密度开发城市的交通系统与土地利用
索取号:U491.1/Y098
 
预约/预借
| 序号 | 登录号 | 条形码 | 馆藏地/架位号 | 状态 | 备注 |
| 1 | 595957 | 205959578 | 自科库501/501自科库 58排2列5层/ [索取号:U491.1/Y098] | 在馆 | |
| 2 | 595958 | 205959587 | 自科库501/501自科库 58排2列5层/ [索取号:U491.1/Y098] | 在馆 |